00919 2200325 4500001002100000005001500021035002000036007000300056040001700059100002700076245009200103250001200195300003500207020001800242041000800260082000800268084001400276090001900290264003700309336002100346337003000367338002300397500002000420650001100440700004300451850001000494008004100504990002400545990002400569INLIS00000000000643820260413083329 a0010-0422000043ta aSBPUPADbind0 aTim LitbangePengarang1 aProfil Daerah Kabupaten dan Kota :bJilid 3 /cTim Litbang ;editor, F. Harianto Santoso a.-cet.1 av,661 hlm. :bilus. ;c15x23cm a979-709-100-70 aind a352 a352 TIM p a352 TIM p 12-1 a.--Jakarta :bBuku Kompas,c2003 2rdacontentaTeks 2rdamediaaTanpa Perantara 2rdacarrieravolume aindeks, hlm 661 4aProfil0 aeditor, F. Harianto SantosoePengarang aPUPAD260413 0  a7258/ARPUS-PDG/2008 a7257/ARPUS-PDG/2008